MDQL
is popping MORE tags! Check the
thread
!
Quizzes
Events
Quiz Creation
Community
Videos
Private Events
Remove Ads
Sign In
Join for FREE
Feedback
Dark Mode
Quiz Categories
Sports
Geography
Music
Movies
Television
Just For Fun
Miscellaneous
History
Literature
Language
Science
Gaming
Entertainment
Religion
Holiday
For Kids
Quiz Lab
Recent
Popular Today
Quiz Kudos Today
Editor Picks
Curator Picks
Quizzes by...
Day
Popularity
Type
Ratings
Length
Year
Community
Subscriptions
Recent Discussions
Orange Saloon
Badges
Playlists
Quests
Create
Leaderboards
Showdown
Live 5
Trivia Bingo
Activity
Puzzle Library
Sporcle Events
Private Events
Virtual Trivia
Globe League
Become a Host
Pub Owners
SporcleCon
Opinionation
Our Games
Videos
Blog
Mobile Apps
Partnerships
Remove Ads and Go Orange
Feedback
Music
Pop Music
The Beatles
Song
Album
Lyrics
Bands
Singers
Artist
Clip
Rock
Rap
Classical
Billboard
Country Music
Kpop
Taylor Swift
Music
Pop Music
The Beatles
Song
Album
Lyrics
Bands
Singers
Artist
Clip
Rock
Rap
Classical
Billboard
Country Music
Kpop
Taylor Swift
Random Quiz
Search Sporcle
×
Quiz Lab
Quiz Lab
Music
space
Type in answers that appear in a list
Type in answers that appear in a list
Classic
Best Score? Go Orange.
Fill Kid Cudi lyrics Stats
Can you name the Kid Cudi lyrics spaces?
By
n0abg
10m
15 Questions
812 Plays
812 Plays
812 Plays
Comments
Comments
Give Quiz Kudos
Give Quiz Kudos
-
- Ratings
hide this ad
Replay
Link that replays current quiz
Next Quiz
Link to next quiz in quiz playlist
You Got
0%
They Got
Avg Score
41%
Avg Friend Score
Upgrade to see
Score Distribution
Jump to the score distribution portion of the page
Score
0/15
Timer
10:00
0
Plays Today
music
lyrics
% Correct
Now when the _
_
_
come up, I'll be there to say what up
sun
89.3%
I guess if I was simple in the mind everything would be _
_
_
_
fine
81.5%
There must be 50 ways to _
_
_
_
a record
make
74.9%
And we can have one hell of a _
_
_
_
_
, through the day
night
60.3%
The sun is shinning, man he's super _
_
_
_
cool
54.9%
Big homie, made the move, made made the movie, flew off the _
_
_
_
moon
43.7%
Two stepper, gun toter nah nah, smoke _
_
_
_
_
_
kusher
43.3%
Tell me your _
_
_
_
_
_
_
the things that make you tick
secrets
38.2%
music
lyrics
% Correct
Finding the perfect _
_
_
_
_
to sing to you
word
34.2%
You're feeling like you're _
_
_
_
down on the ground
shot
29.1%
I can _
_
_
_
_
it but no one believes me
sense
21.9%
You think that I'm _
_
_
_
_
_
well I probably am
lonely
15.3%
Don't cry for me, it's my _
_
_
_
_
_
_
to be where I am
destiny
14.4%
I can't believe them sounds of the _
_
_
_
_
_
_
_
_
_
_
_
nonbelievers
13.9%
Cops be _
_
_
_
_
_
shotguns on the whip
buggin
13.4%
Quiz Playlist
Details
Report
Send in Message
Add To Playlist
Classic:
Type in answers that appear in a list
Last Updated: Feb 16, 2017
Quiz Scoreboard
CHALLENGE
Sign Up to Join the Scoreboard
Show All
Scores
Hide
Comments
May contain spoilers
Recently Published
Colored Red Africa Blitz
by spor1
Geography
30s
Find the 'City' Movie
by crazypaving
Movies
60s
5x2 Blitz: Bands
by SL_Kpop136
Music
30s
More to Explore
Quiz From the Vault
Featured Blog Post
14 Easter Pick-up Lines to Find Eggs With
hide this ad
You Might Also Like...
Tags
cudi
kid
Kid Cudi
space
Today's Top Quizzes in Music
Browse Music
hide this ad
Today's Top Quizzes in space
Browse space
Top Contributed Quizzes in Music
1
5X2 Blitz: Bands II
2
5X2 Blitz: The Beatles
3
Taylor Swift All Songs (2024)
4
5X2 Blitz: Billboard
5
Taylor Swift Logic Puzzle II
6
5X2 Blitz: Billboard II
7
Taylor Swift Logic Puzzle
8
5X2 Blitz: Rock
9
5X2 Blitz: Singers
10
5X2 Blitz: Album
Explore More
Trending Topics
Disney
NBA
Kpop
Harry Potter
Crossword
Marvel
Anime
Puzzle
Country
NFL
Pokémon
The Office
WWE
Soccer
Song
hide this ad
More By:
n0abg
Quiz
Plays
Rating
Category
Featured
Created
fill Kid Cudi lyrics
812
5.00
Music
Oct 14, 2011
OFWGKTA means...
421
3.00
Music
Oct 16, 2011
Kid Cudi chorus initials
136
Music
Oct 14, 2011
fill Cudi Zone 1st verse lyrics
34
Music
Oct 14, 2011
Go to Creator's Profile
Score Distribution
Quiz Creator Spotlight
n0abg
Follow
Send a Message
Quizzes Created
-
Created Quiz Play Count
-
More By This Creator
Popular Quizzes Today
1
Colored Red Africa Blitz
2
Find the 'City' Movie
3
5x2 Blitz: Bands
4
Find the US States - No Outlines Minefield
5
The Countries of the World
6
Find the US States
7
US States
8
Find the Countries of Europe - No Outlines Minefield
More Music Quizzes
TinyGrid: Linkin Park Singles
Quiz Lab
Trending Quizzes
Colored Red Europe Blitz I
Colored Red Europe Blitz II
Colored Red Africa Blitz II
Colored Red Europe Blitz III
Colored Red Africa Blitz III
Recently Updated
How Do You Spell That?
pecheneg
Godzilla Movies
pecheneg
Grab Bag: 4-10 Letters
pecheneg
2024 March Madness Bracket
pecheneg
Famous TV Couples
Peacemaker
Champions League XIs: Real Madrid
pecheneg
Largest US Cities 1790-2010
pecheneg
Rides in Walt Disney World
pecheneg
Most Oscar Losses (Acting)
pecheneg
Beyoncé Albums
pecheneg
Trending Topics
Crossword
Anime
NBA
Kpop
Marvel
Disney
Harry Potter
Pokémon
WWE
Puzzle
Country
The Office
Song
NFL
Soccer
Your Account Isn't Verified!
In order to create a playlist on Sporcle, you need to verify the email address you used during registration. Go to your
Sporcle Settings
to finish the process.
Report this User
Report this user for behavior that violates our
Community Guidelines
.
Details:
Send Report
Go to the Sporcle.com Mobile Site →
Comments